000 00811nam a2200265 i 4500
001 C2-0248797
003 PPAK
005 20180727212952.0
008 030422s2002 enka|||| ||||| | eng d
020 _a0431153248
040 _aPPAK
_beng
_cPPAK
_erda
082 0 4 _a573.9981
_223
090 0 0 _a573.9981
_bMIL
_dRK
100 1 _aMiles, Elizabeth,
_eauthor
245 1 0 _aWings, fins and flippers
264 1 _aOxford :
_bHeinemann Library ,
_c2002
300 _a32 pages :
_bcolour illustrations ;
_c27 cm
336 _2rdacontent
_atext
337 _2rdamedia
_aunmediated
338 _2rdacarrier
_avolume
490 1 _aWhy do animals have
650 1 0 _aWing - Juvenile literature. ; Fins - Juvenile literature. ; Physiology - Juvenile literature.
830 0 _aWhy do animals have
942 _ddc
_cB
999 _c62413
_d62413